[Event "World Blitz 2018"]
[Site "St Petersburg RUS"]
[Date "2018.12.29"]
[Round "9.52"]
[White "Anton Guijarro, David"]
[Black "Potkin, Vladimir"]
[Result "0-1"]
[WhiteTitle "GM"]
[BlackTitle "GM"]
[WhiteElo "2642"]
[BlackElo "2597"]
[WhiteFideId "2285525"]
[BlackFideId "4131061"]
[EventDate "2018.12.29"]
[EventType "blitz"]

1. Nf3 c5 2. e4 d6 3. Bb5+ Nd7 4. c3 Nf6 5. Bd3 g6 6. O-O Bg7 7. Bc2 O-O 8. d4
e5 9. dxe5 Nxe5 10. Nxe5 dxe5 11. Qe2 Bg4 12. f3 Be6 13. a4 c4 14. Be3 Qc7 15.
Na3 a6 16. Qf2 Nd7 17. Rfd1 Rfe8 18. Rd2 Bf8 19. Rad1 Nc5 20. h4 h5 21. Qg3 Rac8
22. Kh2 Nb3 23. Bxb3 cxb3 24. Nb1 Qa5 25. Bg5 Bg7 26. Qf2 Qxa4 27. Be3 Bf8 28.
Bg5 Bg7 29. Rd6 Bf8 30. R6d2 Qc6 31. Qg3 Qc7 32. Bf6 Bg7 33. Bxg7 Kxg7 34. Rd6
Qc5 35. Qe1 a5 36. Na3 b5 37. Ra6 Ra8 38. Rad6 b4 39. cxb4 axb4 40. Nb1 Ra2 41.
R6d2 Rc8 42. Qg3 Qa5 43. Qg5 Rc2 44. Rd8 Raxb2 45. Nd2 f6 46. Nxb3 Qxd8 0-1

[Event "World Blitz 2018"]
[Site "St Petersburg RUS"]
[Date "2018.12.29"]
[Round "9.71"]
[White "Carlsson, Pontus"]
[Black "Sakaev, Konstantin"]
[Result "1-0"]
[WhiteTitle "GM"]
[BlackTitle "GM"]
[WhiteElo "2463"]
[BlackElo "2584"]
[WhiteFideId "1705814"]
[BlackFideId "4104226"]
[EventDate "2018.12.29"]
[EventType "blitz"]

1. e4 c5 2. Nf3 d6 3. Bb5+ Nd7 4. d4 cxd4 5. Qxd4 a6 6. Bxd7+ Bxd7 7. c4 e5 8.
Qd3 Qc7 9. O-O b5 10. b3 bxc4 11. bxc4 Rc8 12. Na3 Be7 13. Be3 Nf6 14. Rfc1 O-O
15. Nd2 Ng4 16. Nf1 Bc6 17. Bd2 Nf6 18. f3 Nd7 19. Ne3 Nc5 20. Qe2 Bg5 21. Nf5
Bxd2 22. Qxd2 Rfd8 23. Nc2 a5 24. Nce3 Qa7 25. Kh1 Ne6 26. Rd1 g6 27. Nh6+ Kg7
28. Nhg4 h5 29. Nf5+ 1-0

[Event "World Blitz 2018"]
[Site "St Petersburg RUS"]
[Date "2018.12.29"]
[Round "9.75"]
[White "Piorun, Kacper"]
[Black "Eliseev, Alexei"]
[Result "1/2-1/2"]
[WhiteTitle "GM"]
[BlackTitle "IM"]
[WhiteElo "2634"]
[BlackElo "2379"]
[WhiteFideId "1130420"]
[BlackFideId "4126351"]
[EventDate "2018.12.29"]
[EventType "blitz"]

1. e4 g6 2. d4 Bg7 3. c4 Nc6 4. Nf3 e5 5. Bg5 f6 6. Be3 d6 7. Nc3 Nh6 8. h3 Nf7
9. Be2 O-O 10. dxe5 dxe5 11. Qxd8 Ncxd8 12. O-O-O Re8 13. h4 Nh6 14. Nd5 Ne6 15.
Nxf6+ Bxf6 16. Bxh6 Nf4 17. Bxf4 exf4 18. e5 Bg7 19. c5 Be6 20. b3 Rad8 21. Ng5
Bd5 22. Rxd5 Rxd5 23. Bc4 Rxe5 24. Rd1 c6 25. Kc2 Bf6 26. Nh3 Rf5 27. Bxd5+ cxd5
28. b4 a6 29. a4 Bxh4 30. Rd4 Kf7 31. Rxf4 Rxf4 32. Nxf4 Bxf2 33. Kd3 a5 34.
bxa5 Bxc5 35. Nxd5 Ke6 36. Ke4 Bd6 37. g4 h5 38. gxh5 gxh5 39. Nc3 Bb4 40. Ne2
h4 41. Nf4+ Kd6 42. Nd3 Bxa5 43. Kf3 Kd5 44. Kg4 Bd8 45. Nf4+ Kc4 46. Ne6 Be7
47. Nf4 Kb3 48. Nd5 Bd8 49. a5 Ka4 50. Nc3+ Kxa5 51. Ne4 Kb4 52. Nd6 b6 53. Nc8
b5 54. Nd6 Kc5 55. Nxb5 Kxb5 1/2-1/2

[Event "World Blitz 2018"]
[Site "St Petersburg RUS"]
[Date "2018.12.29"]
[Round "9.83"]
[White "Anikonov, Dmitry"]
[Black "Pershin, Denis"]
[Result "1/2-1/2"]
[WhiteTitle "FM"]
[WhiteElo "2371"]
[BlackElo "2400"]
[WhiteFideId "24178012"]
[BlackFideId "24165506"]
[EventDate "2018.12.29"]
[EventType "blitz"]

1. d4 d5 2. c4 c6 3. Nf3 Nf6 4. g3 dxc4 5. Bg2 g6 6. a4 Bg7 7. Na3 Be6 8. O-O
O-O 9. Qc2 Na6 10. Bd2 c5 11. dxc5 Nxc5 12. Nxc4 Bf5 13. Qd1 Nfe4 14. Be3 Qxd1
15. Rfxd1 Rad8 16. Nfd2 Nxd2 17. Nxd2 Bxb2 18. Ra2 Bd4 19. Nc4 Bxe3 20. Nxe3
Rxd1+ 21. Nxd1 Rd8 22. Ne3 Be4 23. Bxe4 Nxe4 24. Rc2 Rd2 25. Rc7 Rxe2 26. Rxe7
Nc5 27. Rc7 Nxa4 28. Rxb7 a6 29. Nd5 Nc5 30. Rc7 Ne4 31. Re7 Nc3 32. Rd7 Nxd5
33. Rxd5 Ra2 34. Rd8+ Kg7 35. h4 a5 36. Ra8 h5 37. Kg2 Ra3 38. Ra6 Ra1 39. Ra7
Ra4 40. Ra6 Ra2 41. Ra7 Kf6 42. Ra6+ Ke5 43. Ra7 Ke6 44. Kf3 a4 45. g4 hxg4+ 46.
Kxg4 Rxf2 47. Rxa4 Kf6 48. Ra6+ Kg7 49. Ra7 Rg2+ 50. Kf3 Rb2 51. Kg4 Rb4+ 52.
Kg3 Rb6 53. Kg4 Re6 54. Ra4 Kf6 55. Rf4+ Ke7 56. Ra4 Re1 57. Ra7+ Kf6 58. Ra6+
Re6 59. Ra4 Rd6 60. Rf4+ Ke6 61. Re4+ Kd5 62. Re7 Rf6 63. h5 gxh5+ 64. Kxh5 Kd6
65. Re2 Rf5+ 66. Kg4 Re5 67. Rd2+ Ke6 68. Kf4 Ra5 69. Rb2 Ra4+ 70. Kf3 Kf5 71.
Rb5+ Kg6 72. Rc5 f6 73. Rb5 Rh4 74. Ra5 Rh7 75. Rb5 Rd7 76. Ra5 Rd4 77. Rb5 f5
78. Rb8 Kf6 79. Rf8+ Ke6 80. Re8+ Kf7 81. Ra8 Rc4 82. Ra6 Rd4 1/2-1/2

[Event "World Blitz 2018"]
[Site "St Petersburg RUS"]
[Date "2018.12.29"]
[Round "10.13"]
[White "Karjakin, Sergey"]
[Black "Maghsoodloo, Parham"]
[Result "1-0"]
[WhiteTitle "GM"]
[BlackTitle "GM"]
[WhiteElo "2753"]
[BlackElo "2688"]
[WhiteFideId "14109603"]
[BlackFideId "12539929"]
[EventDate "2018.12.29"]
[EventType "blitz"]

1. e4 Nc6 2. d4 d5 3. e5 Bf5 4. Nf3 e6 5. c3 Nge7 6. Nh4 Bg6 7. Nd2 f6 8. exf6
gxf6 9. Nxg6 Nxg6 10. Qb3 a6 11. g3 h5 12. Nf3 Bd6 13. Bd3 Nge7 14. Nh4 Kd7 15.
O-O Qg8 16. Re1 Na5 17. Qa4+ Nac6 18. b4 e5 19. dxe5 fxe5 20. b5 axb5 21. Qxb5
e4 22. Bf1 Qe6 23. c4 Ra5 24. cxd5 Nxd5 25. Qc4 Re8 26. Rxe4 Nb6 27. Qxe6+ Rxe6
28. Bh3 Re5 29. Rxe5 Bxe5 30. Rb1 Kd6 31. Ba3+ Kd5 32. Rb5+ Kc4 33. Rc5+ Kd4 34.
Bxe6 1-0

[Event "World Blitz 2018"]
[Site "St Petersburg RUS"]
[Date "2018.12.29"]
[Round "10.40"]
[White "Dzhumagaliev, Yan"]
[Black "Sargissian, Gabriel"]
[Result "0-1"]
[WhiteTitle "FM"]
[BlackTitle "GM"]
[WhiteElo "2410"]
[BlackElo "2689"]
[WhiteFideId "24100110"]
[BlackFideId "13300881"]
[EventDate "2018.12.29"]
[EventType "blitz"]

1. d4 Nf6 2. Nf3 e6 3. c4 d5 4. g3 Bb4+ 5. Bd2 Be7 6. Bg2 O-O 7. Qc2 c6 8. O-O
Nbd7 9. b3 b6 10. Bf4 Bb7 11. Nc3 Nh5 12. Bc1 f5 13. e3 Bd6 14. a4 a5 15. Ba3
Bxa3 16. Rxa3 Qe7 17. Raa1 Nhf6 18. Rac1 Ne4 19. Ne2 g5 20. Ne5 Nxe5 21. dxe5
Nc5 22. Nd4 g4 23. cxd5 cxd5 24. Nb5 Ba6 25. Rfd1 Bxb5 26. axb5 Qg7 27. Qb2 Rac8
28. Rc2 Rc7 29. Bf1 Rfc8 30. Rdc1 h5 31. b4 axb4 32. Qxb4 Qxe5 33. Qd4 Qg7 34.
Qf4 Qf6 35. Qd6 Rb7 36. Bg2 Rd8 37. Qc6 Qe7 38. Ra1 Rdb8 39. Bxd5 exd5 40. Qxd5+
Qf7 41. Qe5 Re8 42. Qf4 Qf6 43. Rd1 Rbe7 44. Qc4+ Kg7 45. Rcd2 Ne4 46. Rd4 Ng5
47. Kg2 Re4 48. Qc7+ R8e7 49. Rd7 Re6 50. Qc8 Qe5 51. R1d4 Rxd7 52. Rxd7+ Re7
53. Qb7 Rxd7 54. Qxd7+ Kg6 55. Qc6+ Qe6 56. Qc7 Qd5+ 57. Kf1 Qxb5+ 58. Kg2 Qd5+
59. Kf1 b5 60. Qb6+ Ne6 61. Qb8 Kf7 62. Qa7+ Kf6 63. Qb8 Qc4+ 64. Kg1 Qc1+ 65.
Kg2 Qc6+ 66. Kg1 Qd7 67. Qh8+ Ng7 68. Qf8+ Kg6 69. Qc5 Ne6 70. Qb6 Kf7 71. Qb8
Qc6 72. Qh8 Ng7 73. Qb8 Qd7 74. Qb6 Ne8 75. Qh6 Nf6 76. Qf4 Qd1+ 77. Kg2 Qf3+ 0-1

[Event "World Blitz 2018"]
[Site "St Petersburg RUS"]
[Date "2018.12.29"]
[Round "10.49"]
[White "Huzman, Alexander"]
[Black "Van Foreest, Jorden"]
[Result "1/2-1/2"]
[WhiteTitle "GM"]
[BlackTitle "GM"]
[WhiteElo "2580"]
[BlackElo "2614"]
[WhiteFideId "2803828"]
[BlackFideId "1039784"]
[EventDate "2018.12.29"]
[EventType "blitz"]

1. Nf3 d5 2. e3 Nf6 3. c4 e6 4. b3 c5 5. Bb2 Nc6 6. cxd5 exd5 7. Bb5 d4 8. O-O
Bd6 9. exd4 O-O 10. dxc5 Bxc5 11. d4 Bd6 12. h3 Nb4 13. Nc3 a6 14. Be2 h6 15.
Ne5 Be6 16. Bf3 Nbd5 17. Nxd5 Nxd5 18. Rc1 Qg5 19. Kh1 Rad8 20. Qc2 f6 21. Nc4
Bb8 22. Qd2 Bf4 23. Qe2 Rfe8 24. Rce1 Bxh3 25. Qxe8+ Rxe8 26. Rxe8+ Kf7 27. Rfe1
Bd7 28. Rd8 Bc6 29. Kg1 Bc7 30. Nd6+ Bxd6 31. Rxd6 Nf4 32. Bxc6 bxc6 33. g3 Nd3
34. Rd7+ Kg8 35. Re8+ Kh7 36. Ba3 Qf5 37. Ree7 Qxf2+ 38. Kh1 Qf3+ 39. Kh2 Qh5+
40. Kg2 Kh8 41. Rd8+ Kh7 42. Rdd7 Kh8 43. Rd8+ Kh7 44. Rdd7 Qg4 45. Rxg7+ Qxg7
46. Rxg7+ Kxg7 47. Kf3 Ne1+ 48. Ke4 Kf7 49. Bb4 Nc2 50. Bc5 Ke6 51. a4 f5+ 52.
Kd3 Ne1+ 53. Ke2 Nc2 54. Kd2 Na1 55. Kc3 h5 56. Kb2 f4 57. gxf4 h4 58. d5+ cxd5
59. Kxa1 Kf5 60. Kb2 Ke4 61. Kc3 h3 62. Bg1 d4+ 63. Kd2 Kxf4 64. Bh2+ Ke4 65.
Ke2 a5 66. Kd2 d3 67. Bg1 Kf3 68. Bh2 Ke4 69. Bb8 Kd4 70. Bc7 Ke4 71. Bd6 Kd4
72. Bb8 Ke4 73. Bc7 1/2-1/2

[Event "World Blitz 2018"]
[Site "St Petersburg RUS"]
[Date "2018.12.29"]
[Round "10.54"]
[White "Jakovenko, Dmitry"]
[Black "Bilguun, Sumiya"]
[Result "1-0"]
[WhiteTitle "GM"]
[BlackTitle "IM"]
[WhiteElo "2735"]
[BlackElo "2497"]
[WhiteFideId "4122356"]
[BlackFideId "4901541"]
[EventDate "2018.12.29"]
[EventType "blitz"]

1. e4 c5 2. Nf3 e6 3. d4 cxd4 4. Nxd4 a6 5. Bd3 g6 6. O-O Bg7 7. Be3 Nf6 8. c4
d6 9. Nc3 O-O 10. Qe2 Nbd7 11. Rad1 Qc7 12. f4 b6 13. Kh1 Bb7 14. Bg1 Rae8 15.
Nf3 Nc5 16. Bb1 Nh5 17. Qe3 f5 18. Nd2 Nf6 19. b4 Ncd7 20. Qd3 Rc8 21. Rfe1 Rfe8
22. a3 b5 23. Ba2 bxc4 24. Nxc4 d5 25. exd5 Nxd5 26. Rxe6 Rxe6 27. Nxd5 Qb8 28.
Ncb6 Nxb6 29. Nxb6 Re8 30. Qd7 Bc8 31. Qxe8+ 1-0

[Event "World Blitz 2018"]
[Site "St Petersburg RUS"]
[Date "2018.12.29"]
[Round "10.58"]
[White "Sychev, Klementy"]
[Black "Hakobyan, Aram"]
[Result "1/2-1/2"]
[WhiteTitle "IM"]
[BlackTitle "GM"]
[WhiteElo "2537"]
[BlackElo "2545"]
[WhiteFideId "4114060"]
[BlackFideId "13306677"]
[EventDate "2018.12.29"]
[EventType "blitz"]

1. e4 c6 2. d4 d5 3. Nd2 dxe4 4. Nxe4 Nf6 5. Nxf6+ exf6 6. c3 Bf5 7. Bd3 Bxd3 8.
Qxd3 Bd6 9. Qe2+ Qe7 10. Nf3 Qxe2+ 11. Kxe2 O-O 12. Re1 Nd7 13. Kf1 b5 14. Bd2
Nb6 15. b3 a5 16. Rec1 a4 17. Ne1 Ra7 18. Nd3 Rfa8 19. Rab1 axb3 20. axb3 Ra2
21. Bf4 Bxf4 22. Nxf4 g6 23. Nd3 Rd2 24. Rd1 Rxd1+ 25. Rxd1 Nd5 26. c4 bxc4 27.
bxc4 Nb6 28. Nb4 Nxc4 29. Nxc6 Nd6 30. Ke2 Kg7 31. d5 f5 32. Rd2 Kf6 33. Rc2 Ra4
34. Kd3 h5 35. g3 h4 36. Ke3 g5 37. Nd4 Ra3+ 38. Ke2 hxg3 39. hxg3 Ra5 40. Rc6
Rxd5 41. Nb5 Ke5 42. f4+ gxf4 43. gxf4+ Ke6 44. Nxd6 Rxd6 45. Rc5 Rd4 46. Ke3
Re4+ 47. Kf3 Ra4 48. Rc6+ Kd5 49. Rf6 Ra3+ 50. Kf2 Ke4 51. Rxf7 Kxf4 52. Rb7
Ra2+ 53. Kf1 Kg4 54. Rb3 f4 55. Rc3 Rb2 56. Rd3 Rc2 57. Rb3 Rd2 58. Rc3 Rd4 59.
Kf2 Kf5 60. Kf3 Rb4 61. Rc5+ Ke6 62. Ra5 Kd6 63. Rf5 Rd4 64. Rxf4 Rxf4+ 65. Kxf4 1/2-1/2

[Event "World Blitz 2018"]
[Site "St Petersburg RUS"]
[Date "2018.12.29"]
[Round "10.87"]
[White "Makarov, Marat"]
[Black "Hirneise, Jens"]
[Result "0-1"]
[WhiteTitle "GM"]
[BlackTitle "FM"]
[WhiteElo "2505"]
[BlackElo "2371"]
[WhiteFideId "4101103"]
[BlackFideId "24614734"]
[EventDate "2018.12.29"]
[EventType "blitz"]

1. d4 Nf6 2. c4 g6 3. Nf3 Bg7 4. g3 O-O 5. Bg2 d6 6. O-O Nc6 7. Nc3 Bf5 8. d5
Na5 9. Nd4 Bd7 10. b3 c5 11. Nc2 a6 12. Qd3 Rb8 13. Rb1 b5 14. Bd2 Qc7 15. h3
bxc4 16. bxc4 Rxb1 17. Rxb1 Rb8 18. e4 Rxb1+ 19. Nxb1 Qb6 20. Ne3 Ne8 21. Kh2
Nb7 22. Qb3 Qxb3 23. axb3 a5 24. Bf3 a4 25. Bd1 axb3 26. Bxb3 Nc7 27. f4 Bd4 28.
Kg2 Bxe3 29. Bxe3 Na5 30. Ba2 Na6 31. Nd2 Nb4 32. Bb1 Ba4 33. Kf2 Nb3 34. Ke1
Nxd2 35. Kxd2 Bb3 36. Kc3 Ba2 37. Bxa2 Nxa2+ 38. Kd2 Kf8 39. Bf2 Ke8 40. Be1 Nb4
41. Kd1 Nd3 42. Bc3 Nf2+ 43. Ke2 Nxe4 44. Bb2 Nxg3+ 45. Kf3 Nf5 46. Bc3 Kd7 47.
Kf2 Nh6 48. Kf3 Ng8 49. Kf2 Nf6 50. Kf3 Ne8 51. Kf2 Nc7 52. Ke3 Na8 53. Ba5 Nc7
54. Bc3 e6 55. dxe6+ Kxe6 56. Ke4 Ne8 57. f5+ gxf5+ 58. Kf4 f6 59. h4 h5 60. Kf3
Nc7 61. Ba1 Na8 62. Ke3 Nb6 63. Kd3 Nd7 64. Bb2 Ne5+ 65. Kc3 Nf3 66. Bc1 Nxh4
67. Kd3 Nf3 68. Ke3 Ne5 0-1

[Event "World Blitz 2018"]
[Site "St Petersburg RUS"]
[Date "2018.12.29"]
[Round "11.7"]
[White "Zhigalko, Sergei"]
[Black "Karjakin, Sergey"]
[Result "0-1"]
[WhiteTitle "GM"]
[BlackTitle "GM"]
[WhiteElo "2604"]
[BlackElo "2753"]
[WhiteFideId "13502956"]
[BlackFideId "14109603"]
[EventDate "2018.12.29"]
[EventType "blitz"]

1. e4 e5 2. Nf3 Nc6 3. Bb5 Nf6 4. d3 Bc5 5. Bxc6 dxc6 6. Nbd2 O-O 7. O-O Re8 8.
Nc4 Nd7 9. Be3 f6 10. h3 a5 11. a4 b6 12. Nfd2 Bb4 13. f4 exf4 14. Bxf4 Nf8 15.
c3 Be7 16. d4 Ng6 17. Bh2 Be6 18. Kh1 Bd6 19. Nxd6 cxd6 20. Nf3 Qd7 21. Qd2 d5
22. e5 f5 23. Ne1 c5 24. Nd3 Rac8 25. Bg1 c4 26. Nf4 Nxf4 27. Qxf4 h6 28. h4 Rf8
29. Be3 Qe8 30. Qg3 Kh7 31. Kg1 Bd7 32. e6 Qxe6 33. Bf4 Rfe8 34. Be5 Qf7 35. Rf2
Rc6 36. Qf4 Rg6 37. Rf3 Ree6 38. Qxf5 Rf6 39. Qxg6+ 0-1

[Event "World Blitz 2018"]
[Site "St Petersburg RUS"]
[Date "2018.12.29"]
[Round "11.18"]
[White "Demchenko, Anton"]
[Black "Inarkiev, Ernesto"]
[Result "1-0"]
[WhiteTitle "GM"]
[BlackTitle "GM"]
[WhiteElo "2679"]
[BlackElo "2693"]
[WhiteFideId "4160258"]
[BlackFideId "4162722"]
[EventDate "2018.12.29"]
[EventType "blitz"]

1. e4 c5 2. Nc3 e6 3. Nge2 d5 4. exd5 exd5 5. d4 Nc6 6. Be3 c4 7. g3 Bb4 8. Bg2
Nge7 9. O-O O-O 10. a3 Ba5 11. b4 cxb3 12. cxb3 Bxc3 13. Nxc3 Be6 14. Rc1 Qd7
15. Re1 Rac8 16. f3 Na5 17. Bf1 Nf5 18. Bf2 Nd6 19. Na2 Bf5 20. Rc5 b6 21. Rxc8
Rxc8 22. Nb4 Nb5 23. Nxd5 Be6 24. Nf4 Bxb3 25. Qb1 Nc3 26. Qa1 Nd5 27. Bh3 f5
28. Nd3 Nc6 29. Qb1 Bc4 30. Ne5 Nxe5 31. dxe5 g6 32. e6 Qe7 33. Qb2 Nc7 34. Qe5
Nxe6 35. Bd4 Qg7 36. Qxe6+ Bxe6 37. Bxg7 Kxg7 38. Rxe6 Rc1+ 39. Bf1 Kf7 40. Re3
Rc2 41. Be2 Kf6 42. f4 Ra2 43. h4 h6 44. Re6+ Kg7 45. Re7+ Kf8 46. Re6 Rxa3 47.
Rxg6 Rb3 48. Rxh6 a5 49. Rf6+ Ke7 50. Rxf5 Rxg3+ 51. Kf2 Rh3 52. h5 Kd6 53. Rf6+
Kc5 54. h6 a4 55. Kg2 Rh4 56. Rf5+ Kd6 57. Rh5 Rxf4 58. h7 1-0

[Event "World Blitz 2018"]
[Site "St Petersburg RUS"]
[Date "2018.12.29"]
[Round "11.31"]
[White "Melkumyan, Hrant"]
[Black "Khusnutdinov, Rustam"]
[Result "1-0"]
[WhiteTitle "GM"]
[BlackTitle "GM"]
[WhiteElo "2670"]
[BlackElo "2470"]
[WhiteFideId "13302485"]
[BlackFideId "13701703"]
[EventDate "2018.12.29"]
[EventType "blitz"]

1. Nf3 c5 2. c4 Nc6 3. Nc3 Nf6 4. e3 e5 5. Be2 Be7 6. d4 cxd4 7. exd4 e4 8. Ne5
O-O 9. O-O Re8 10. Bf4 d6 11. Nxc6 bxc6 12. Qd2 d5 13. c5 Bg4 14. Ba6 Qd7 15. b4
Nh5 16. Be3 Bd8 17. Ne2 Bc7 18. Ng3 Rab8 19. Rab1 Nf6 20. Bf4 h5 21. h3 Be6 22.
Rfe1 h4 23. Nf1 Nh7 24. a4 Bxf4 25. Qxf4 g5 26. Qd2 f5 27. b5 Rf8 28. bxc6 Qxc6
29. Rxb8 Rxb8 30. Bb5 Qc7 31. f3 Kf7 32. fxe4 dxe4 33. Ne3 Rd8 34. Kh1 Qxc5 35.
d5 Bc8 36. Rc1 Qe7 37. Rc6 Qe5 38. d6 Nf6 39. Nc4 Qf4 40. Qxf4 gxf4 41. Ne5+ Kf8
42. Rc7 Be6 43. Ng6+ Kg8 44. Nxf4 Bf7 45. d7 Kf8 46. Rxa7 Nd5 47. Nxd5 Bxd5 48.
Rc7 Ke7 49. Kg1 f4 50. a5 e3 51. a6 Rg8 52. Rc8 Rd8 53. a7 Bb7 54. Rb8 Be4 55.
Kf1 Bd5 56. Be2 Rxd7 57. a8=Q Bxa8 58. Rxa8 Kf6 59. Ra5 Rc7 60. Bd3 Rc1+ 61. Ke2
Rg1 62. Be4 Ke6 63. Rg5 Ra1 64. Rb5 Ra2+ 65. Ke1 Rd2 66. Rh5 Kf6 67. Bf3 Ra2 68.
Rxh4 Ke5 69. Rh5+ Kd4 70. Rd5+ Kc4 71. h4 Ra1+ 72. Rd1 Ra8 73. Bxa8 1-0

[Event "World Blitz 2018"]
[Site "St Petersburg RUS"]
[Date "2018.12.29"]
[Round "11.43"]
[White "Gordievsky, Dmitry"]
[Black "Tsoi, Dmitry"]
[Result "0-1"]
[WhiteTitle "GM"]
[BlackTitle "FM"]
[WhiteElo "2614"]
[BlackElo "2424"]
[WhiteFideId "24112798"]
[BlackFideId "24194697"]
[EventDate "2018.12.29"]
[EventType "blitz"]

1. Nf3 f5 2. d4 Nf6 3. Bf4 e6 4. e3 d5 5. Be2 Be7 6. O-O c6 7. c4 O-O 8. Nc3
Nbd7 9. h3 Ne4 10. Bh2 b6 11. Qc2 Bb7 12. Rab1 a5 13. Rbc1 Rc8 14. Qb3 Bd6 15.
Bxd6 Nxd6 16. cxd5 exd5 17. Na4 f4 18. exf4 Rxf4 19. a3 b5 20. Nc5 Nxc5 21. Rxc5
a4 22. Qe3 Qf6 23. Ne5 Re4 24. Qd2 Nf5 25. f4 Nxd4 26. Bd1 Ne6 27. Rc3 Nxf4 28.
Nd7 Qg5 29. Nc5 Nxh3+ 0-1

[Event "World Blitz 2018"]
[Site "St Petersburg RUS"]
[Date "2018.12.29"]
[Round "11.55"]
[White "Salgado Lopez, Ivan"]
[Black "Shaposhnikov, Evgeny"]
[Result "1-0"]
[WhiteTitle "GM"]
[BlackTitle "GM"]
[WhiteElo "2629"]
[BlackElo "2576"]
[WhiteFideId "2257327"]
[BlackFideId "4122232"]
[EventDate "2018.12.29"]
[EventType "blitz"]

1. e4 c5 2. Nf3 e6 3. c3 d5 4. exd5 exd5 5. Bb5+ Bd7 6. Qe2+ Qe7 7. O-O Qxe2 8.
Bxe2 Nc6 9. d4 cxd4 10. Nxd4 Nxd4 11. cxd4 Nf6 12. Nc3 Bb4 13. Bd2 O-O 14. f3
Rfe8 15. Kf2 Ba5 16. Rfd1 Bb6 17. Bg5 Bc6 18. Bxf6 gxf6 19. Bb5 Bxb5 20. Nxb5
Rac8 21. Nc3 Rc4 22. Nxd5 Rc2+ 23. Kg3 Ree2 24. Nxb6 axb6 25. Kf4 Rxg2 26. d5
Kf8 27. Rd3 Rxh2 28. Rad1 Ke8 29. d6 Kd7 30. Re1 Rce2 31. Rc1 Rc2 32. Re1 Rhe2
33. Rh1 Rc4+ 34. Kf5 Re5+ 35. Kxf6 Re6+ 36. Kxf7 Rf4+ 37. Kg7 Rxd6 38. Rhd1 Rf6
39. Rxd6+ Rxd6 40. Rxd6+ Kxd6 41. Kxh7 Ke5 42. Kg6 Kf4 43. Kf6 Kxf3 44. Ke6 Ke4
45. Kd6 Kd3 46. Kc7 b5 47. Kxb7 Kc2 48. b4 Kc3 49. a3 Kb3 50. Kb6 1-0

[Event "World Blitz 2018"]
[Site "St Petersburg RUS"]
[Date "2018.12.29"]
[Round "11.64"]
[White "Carlsson, Pontus"]
[Black "Amonatov, Farrukh"]
[Result "0-1"]
[WhiteTitle "GM"]
[BlackTitle "GM"]
[WhiteElo "2463"]
[BlackElo "2614"]
[WhiteFideId "1705814"]
[BlackFideId "14700077"]
[EventDate "2018.12.29"]
[EventType "blitz"]

1. e4 c5 2. Nf3 d6 3. Bb5+ Nd7 4. d4 Nf6 5. Nc3 cxd4 6. Qxd4 e5 7. Qd3 h6 8. Be3
Be7 9. a4 O-O 10. O-O Qc7 11. Bc4 Nc5 12. Bxc5 Qxc5 13. Nd5 Nxd5 14. Bxd5 a6 15.
c3 Rb8 16. b4 Qc7 17. a5 Kh8 18. Nd2 Bd7 19. Rfd1 Rbc8 20. c4 g6 21. Qe3 Kg7 22.
Qb6 Qxb6 23. axb6 Bc6 24. Ra5 Bxd5 25. exd5 Rfd8 26. b5 axb5 27. cxb5 Rc2 28.
Ra7 Rd7 29. Ra8 Bd8 30. Nf1 Bxb6 31. Rd2 Rdc7 32. Ra2 Rxa2 33. Rxa2 Rc5 34. g3
Rxb5 35. Rd2 Bd4 36. Kg2 f5 37. Ne3 Bxe3 38. fxe3 e4 39. Rc2 Kf6 40. Rc7 Rxd5
41. Rxb7 Rd2+ 42. Kh3 Re2 43. Rb3 g5 44. g4 f4 45. exf4 0-1

[Event "World Blitz 2018"]
[Site "St Petersburg RUS"]
[Date "2018.12.29"]
[Round "11.70"]
[White "Gareyev, Timur"]
[Black "Pershin, Denis"]
[Result "1/2-1/2"]
[WhiteTitle "GM"]
[WhiteElo "2569"]
[BlackElo "2400"]
[WhiteFideId "14200937"]
[BlackFideId "24165506"]
[EventDate "2018.12.29"]
[EventType "blitz"]

1. d4 d5 2. c4 c6 3. Nc3 Nf6 4. Nf3 e6 5. Bg5 Nbd7 6. Qb3 Qa5 7. cxd5 exd5 8. e3
Ne4 9. Bd3 Nxg5 10. Nxg5 h6 11. Nf3 Bd6 12. h3 Nf6 13. O-O O-O 14. Qc2 Re8 15.
Rab1 Qc7 16. b4 Qe7 17. b5 c5 18. dxc5 Bxc5 19. Rfd1 Be6 20. Ne2 Rac8 21. Qa4
Ne4 22. Rbc1 Nxf2 23. Kxf2 Bxe3+ 24. Kxe3 Bf5+ 25. Kf2 Bxd3 26. Nf4 Qe3+ 27. Kg3
Rxc1 28. Rxd3 Qe4 29. Rd4 Qe3 30. Nxd5 Qe2 31. Nf4 Qe3 32. Rd3 Qe7 33. Qxa7 g5
34. Nh5 Qc7+ 35. Kg4 Rc4+ 36. Rd4 Rxd4+ 37. Qxd4 f5+ 38. Kxf5 Qf7+ 39. Nf6+ Kh8
40. Kg4 Qe6+ 41. Kg3 Re7 42. Ng4+ Kh7 43. Qd3+ Kg8 44. Qd5 Qxd5 45. Nf6+ Kf7 46.
Nxd5 Re2 47. a4 Ra2 48. Nc3 Ra3 49. Ne4 Rxa4 50. Nd6+ Ke7 51. Nf5+ Kf6 52. Nxh6
Rb4 53. Ng4+ Kg7 54. Kf2 Rxb5 55. Nge5 Kf6 56. Ng4+ Kg7 57. Ke3 Kg6 58. Nd4 Rb2
59. g3 b5 60. Ne5+ Kf6 61. Nd3 Rb1 62. Ne2 Rh1 63. Nc3 Rxh3 64. Kf3 b4 65. Nd5+
Kf5 66. Ne3+ Kg6 67. Nxb4 g4+ 68. Kf4 Rxg3 69. Kxg3 Kf6 70. Nd3 Kg6 71. Ng2 Kf5
72. Nh4+ Ke4 73. Nf2+ Ke3 74. Nf5+ Kd2 75. Ne4+ Kd3 76. Ned6 Kd2 77. Nd4 Kd3 78.
Ne6 Ke3 79. Ng5 Kd4 80. Nde4 Ke5 81. Nd2 Kf5 82. Nge4 Ke5 83. Nf2 Kd4 84. Nf1
Ke5 85. Nd3+ Kd4 86. Nf4 Ke5 87. Nh5 Kd4 88. Ng7 Ke4 89. Nd2+ Kd3 90. Nb3 Ke4
91. Nh5 Kf5 92. Nc1 Ke4 93. Nf4 Ke3 94. Ng2+ Ke4 95. Nb3 Kd3 96. Kf4 g3 97. Nc5+
Kd4 98. Ne6+ Kd5 99. Ng7 Kd4 100. Nf5+ Kd5 101. Nfh4 Kd4 102. Nf3+ Kd5 103. Kf5
Kc5 104. Ke4 Kc4 105. Nd2+ Kc5 106. Ke5 Kc6 107. Ne4 Kc7 108. Kd5 Kd7 109. Nc5+
Kc7 110. Nd3 Kd7 111. Ne5+ Kc7 112. Ke6 Kb7 113. Kd6 Kb6 114. Nd7+ Kb5 115. Kd5
Kb4 116. Kd4 Kb5 117. Ne5 Kb6 118. Kd5 Kb5 119. Nc6 Kb6 120. Nd4 Kc7 121. Ke6
Kb7 122. Kd6 Kb6 123. Ne3 g2 124. Nc4+ Kb7 125. Nf3 1/2-1/2

[Event "World Blitz 2018"]
[Site "St Petersburg RUS"]
[Date "2018.12.29"]
[Round "11.76"]
[White "Vastrukhin, Oleg"]
[Black "Gabrielian, Artur"]
[Result "1/2-1/2"]
[BlackTitle "GM"]
[WhiteElo "2413"]
[BlackElo "2499"]
[WhiteFideId "4192770"]
[BlackFideId "4131002"]
[EventDate "2018.12.29"]
[EventType "blitz"]

1. Nf3 c5 2. g3 Nc6 3. Bg2 g6 4. O-O Bg7 5. c4 e5 6. Nc3 Nge7 7. Ne1 O-O 8. Nc2
d6 9. Ne3 Be6 10. Ned5 Qd7 11. d3 Bh3 12. e3 Bxg2 13. Kxg2 Nxd5 14. Nxd5 Ne7 15.
Qf3 Nxd5 16. Qxd5 Kh8 17. Rb1 a5 18. Bd2 b6 19. f4 exf4 20. gxf4 f5 21. Bc3 Rae8
22. Rbe1 Re7 23. Bxg7+ Kxg7 24. Re2 Rfe8 25. Rfe1 h6 26. b3 Kh7 27. h3 g5 28.
Qf3 Rg7 29. fxg5 Rxg5+ 30. Kh2 Reg8 31. Rf1 Qg7 32. Rff2 Kh8 33. Rg2 Qe5+ 34.
Qf4 Qxf4+ 35. exf4 Rxg2+ 36. Rxg2 Rxg2+ 37. Kxg2 Kg7 38. Kg3 Kf7 39. Kf3 Ke6 40.
Kg3 Kf7 41. Kf3 Kg6 42. Kg3 Kh5 43. Kg2 Kh4 44. Kh2 Kh5 45. Kg3 Kg6 46. Kf3 Kf7 1/2-1/2